000 00438cam a22001934a 4500
005 20250605164154.0
008 250528s ||||||||||||||||||||||||d
035 _a19492
020 _a240804155
040 _aGR-AtMCL
_bgre
_dGR-AtMCL
_eAACR2
245 1 _aPHOTO JOURNALISM
250 _a4
260 _bFocal Press,
_c2000
300 _a376
700 1 _aKobre Kenneth
_95737
942 _cBK
999 _c4748
_d4748